000 00624nam a2200181 a 4500
001 000042017
005 20201002035904.0
008 131030s1987 sp c 000 0 spa d
020 _a8400064674
040 _aDO-SdBNP
_bspa
_cBNPHU
100 1 _aLewy Rodríguez, Enriqueta
_968968
245 1 0 _aSantiago Ramón y Cajal :
_bEl hombre, el sabio y el pensador. /
_cEnriqueta Lewy Rodríguez.
260 _aMadrid, :
_bExtensión Científica y Acción Cultural del C.S.I.C.,
_c1987.
300 _a241 p. :
_bretrs. ;
_c21 cm.
490 1 _aTestimonios
500 _aIncluye notas a pie de páginas
830 0 _aTestimonios
_91293
999 _c41506
_d41506